000 00633nam a2200169Ia 4500
008 180921t2021 xxu||||| |||| 00| 0 sin d
041 _asin
080 _a8-31
_bගුට්ම
100 _aගුට්මන්, ඩැන්
245 _aඅඟර දඟර ඉස්කෝලේ 13 - නිරුවත් අධිරාජ්‍යයා
260 _bබුක්රැක් පබ්ලිෂර්ස්
_aරාජගිරිය
_c2021
300 _aසෙ.මා.18, පි.91
700 _aසුදත් රොහාන්
_eපරි.
942 _cBK
999 _c10468
_d10468
003 LK-CoDNM
040 _aLK-CoDNM
_dLK-CoDNM
_eLK-CoDNM